header

James And The Giant Peach (Record no. 261544)

MARC details
000 -LEADER
fixed length control field 00238nam a22001097a 4500
020 ## - INTERNATIONAL STANDARD BOOK NUMBER
ISBN 0553150324
100 ## - MAIN ENTRY--AUTHOR NAME
Personal name Roald Dahl
245 ## - TITLE STATEMENT
Title James And The Giant Peach
260 ## - PUBLICATION, DISTRIBUTION, ETC. (IMPRINT)
Place of publication U.S.A
Name of publisher Bantam Books
Year of publication 1961
300 ## - PHYSICAL DESCRIPTION
Number of Pages 154 pgs
942 ## - ADDED ENTRY ELEMENTS (KOHA)
Koha item type Long Loan Books
Holdings
Withdrawn status Lost status Collection code Home library Current library Shelving location Date acquired Accession Number Koha item type
    Fiction Rongo University Library Rongo University Library Children's Area 15/11/2023 CL20211778 Long Loan Books

© 2026 Rongo University
Contact us: librarian | system librarian | Rongo university